[Event "CXV R - 016 email"]
[Site "Brazil CXV"]
[Date "2000.09.19"]
[Round "?"]
[White "Popp, Tony"]
[Black "Martins Figueiredo, Clauber"]
[Result "1-0"]
[WhiteElo "1404"]
[BlackElo "1469"]
[PlyCount "45"]
[EventDate "2000.??.??"]
[EventType "tourn (corr)"]
[EventRounds "6"]
[EventCountry "BRA"]
[SourceTitle "Corr 2004"]
[Source "ChessBase"]
[SourceDate "2003.04.28"]
[SourceVersion "3"]
[SourceVersionDate "2003.04.28"]
[SourceQuality "1"]

1. d3 d5 2. e3 e5 3. a3 Nc6 4. h3 Bd6 5. b3 Nf6 6. g3 e4 7. Bb2 Be6 8. Nd2 a6 9. Bxf6 Qxf6 10. dxe4 d4 11. exd4 Nxd4 12. Ngf3 Nb5 13. Bd3 Nc3 14. Qc1 Rc8 15. Kf1 Bc5 16. Kg2 h5 17. e5 Qe7 18. Qb2 Nb5 19. a4 Nd4 20. Nxd4 Bxd4 21. Qxd4 Rd8 22. Qe3 h4 23. g4 1-0